| 000 -LEADER |
| fixed length control field |
00482 a2200157 4500 |
| 005 - DATE AND TIME OF LATEST TRANSACTION |
| control field |
20230906104410.0 |
| 008 - FIXED-LENGTH DATA ELEMENTS--GENERAL INFORMATION |
| fixed length control field |
230906s1989 enk||||| |||| 00| 0 eng d |
| 020 ## - INTERNATIONAL STANDARD BOOK NUMBER |
| International Standard Book Number |
0859892395 |
| 041 ## - LANGUAGE CODE |
| Language code of text/sound track or separate title |
eng |
| 080 ## - UNIVERSAL DECIMAL CLASSIFICATION NUMBER |
| Universal Decimal Classification number |
72.071.4 R-75 |
| 245 ## - TITLE STATEMENT |
| Title |
Roman Public Buildings / |
| Statement of responsibility, etc. |
Edited by Ian M. Barton. |
| 264 ## - PRODUCTION, PUBLICATION, DISTRIBUTION, MANUFACTURE, AND COPYRIGHT NOTICE |
| Date of production, publication, distribution, manufacture, or copyright notice |
1989. |
| Place of production, publication, distribution, manufacture |
Exeter, |
| 300 ## - PHYSICAL DESCRIPTION |
| Extent |
177 p. : |
| Other physical details |
ill.; |
| Dimensions |
21 cm. |
| 653 ## - INDEX TERM--UNCONTROLLED |
| keyword |
რომაული საზოგადოებრივი შენობები |
| 942 ## - ADDED ENTRY ELEMENTS (KOHA) |
| Source of classification or shelving scheme |
|
| Koha item type |
წიგნი |